LEADER 00556naa a2200145 i 4500 001 000000300507 003 CaOOAMICUS 005 20180831172704.0 008 180831n xx u000 u und u 013 $a8188 040 $aSeMil$bita 100 1 $aGodelier, Maurice <1934- >.$0(OLS)http://semarc/name/32428 245 10$aVerso una teoria marxista dei fatti religiosi. 773 0 $tCristiano marxista.$dBrescia : Paideia, copyr. 1976.$kBiblioteca di cultura religiosa$w()34726 996 $6245$aVerso una teoria marxista dei fatti religiosi$9(OLS)http://semarc/title/376513 LEADER 00839nam a2200229 i 4500 001 000000050637 003 CaOOAMICUS 005 20091110000000.0 008 091110s1970 it u000 u ita u 013 $a21808 040 $aSeMil$bita 245 10$aControguerra. 260 $a[Milano] :$bArnoldo Mondadori Editore,$c1970. 300 $a224 p. ;$c20 cm. 490 0 $aDocumentinuovi ;$v15 650 4$aNon-violenza.$0(OLS)http://semarc/subject/8899 650 4$aEtica sociale.$0(OLS)http://semarc/subject/331 830 0$aDocumentinuovi ;$v15.$0(OLS)http://semarc/title/402 850 $aSeMil 852 $aSeMil$W1$xVenegono$y1$m2F I 195$j16792$B16792$CSeMilBibl$Z2$F16792 $81 996 $6245$aControguerra$9(OLS)http://semarc/title/77323 996 $6260$a[Milano] :$bArnoldo Mondadori Editore$9(OLS)http://semarc/publisher/29634